[Event "FIDE World Blitz-ch Women 2018"]
[Site "St. Petersburg"]
[Date "2018.12.29"]
[Round "1.1"]
[White "Dzagnidze, Nana"]
[Black "Vega Gutierrez, Sabrina"]
[Result "1-0"]
[WhiteElo "2513"]
[BlackElo "2390"]
[Annotator "ChessBase"]
[PlyCount "57"]
[EventDate "2018.12.19"]
[EventType "swiss"]
[EventCountry "RUS"]
[SourceTitle "playchess.com"]
[Source "ChessBase"]
[SourceQuality "1"]

1. Nf3 d5 2. c4 c6 3. b3 Nf6 4. Bb2 Bf5 5. g3 Nbd7 6. cxd5 cxd5 7. Bg2 e6 8. O-O Bd6 9. Nc3 a6 10. d3 h6 11. e4 Bg4 12. exd5 exd5 13. Re1+ Kf8 14. h3 Bh5 15. Ne2 Kg8 16. g4 Bg6 17. Nh4 Kh7 18. Nd4 Bb4 19. Nxg6 fxg6 20. Re6 Re8 21. Qf3 Rc8 22. a3 Bc3 23. Bxc3 Rxc3 24. Rae1 Rxe6 25. Nxe6 Qb6 26. g5 hxg5 27. Nxg5+ Kg8 28. Qxd5+ Nxd5 29. Re8+ 1-0

[Event "FIDE World Blitz-ch Women 2018"]
[Site "St. Petersburg"]
[Date "2018.12.29"]
[Round "1.2"]
[White "Sukhareva, Evgeniya"]
[Black "Lagno, Kateryna"]
[Result "0-1"]
[WhiteElo "2126"]
[BlackElo "2560"]
[Annotator "TA"]
[PlyCount "108"]
[EventDate "2018.12.19"]
[EventType "swiss"]
[EventCountry "RUS"]
[SourceTitle "playchess.com"]
[Source "ChessBase"]
[SourceQuality "1"]

1. d4 d6 2. c4 e5 3. d5 f5 4. g3 Nf6 5. Bg2 g6 6. b3 Bg7 7. Bb2 O-O 8. Nf3 h6 9. h4 Nbd7 10. b4 a5 11. a3 axb4 12. axb4 Rxa1 13. Bxa1 e4 14. Nd4 Ne5 15. Qb3 Qe7 16. Nd2 Neg4 17. e3 Ne5 18. O-O Nfg4 19. c5 g5 20. cxd6 cxd6 21. hxg5 Qxg5 22. Rc1 Nxf2 23. Nf1 Nfd3 24. Rc7 Qd8 25. Rc2 Kh7 26. Ne6 Bxe6 27. dxe6 Ne1 28. Rc1 N1f3+ 29. Bxf3 exf3 30. Bd4 Qe7 31. b5 Re8 32. b6 Nc6 33. Bxg7 Kxg7 34. Qc3+ Qf6 35. Qd3 Qxe6 36. Rd1 Rd8 37. Qc3+ Qf6 38. Qd3 Ne5 39. Qd5 Rd7 40. Rc1 Qf7 41. Qd4 Kh7 42. Rc8 Qg7 43. Qh4 Ng4 44. Qh5 Rf7 45. Rd8 f2+ 46. Kg2 Qg6 47. Qxg6+ Kxg6 48. Rxd6+ Kg5 49. Rd8 Rf6 50. Nd2 Rxb6 51. Nf3+ Kf6 52. Rf8+ Kg6 53. Nh4+ Kg7 54. Rxf5 Nxe3+ 0-1

[Event "FIDE World Blitz-ch Women 2018"]
[Site "St. Petersburg"]
[Date "2018.12.29"]
[Round "1.3"]
[White "Muzychuk, Anna"]
[Black "Tsatsalashvili, Keti"]
[Result "1-0"]
[WhiteElo "2569"]
[BlackElo "2303"]
[Annotator "TA"]
[PlyCount "131"]
[EventDate "2018.12.19"]
[EventType "swiss"]
[EventCountry "RUS"]
[SourceTitle "playchess.com"]
[Source "ChessBase"]
[SourceQuality "1"]

1. e4 c5 2. Nc3 e6 3. Nf3 Nc6 4. d4 cxd4 5. Nxd4 a6 6. Nxc6 bxc6 7. Bd3 d5 8. O-O Be7 9. Qe2 Nf6 10. f4 Qc7 11. b3 Bb7 12. Bb2 d4 13. Na4 c5 14. c3 Rd8 15. cxd4 cxd4 16. Rac1 Qb8 17. Nc5 Bxc5 18. Rxc5 O-O 19. Rfc1 Qa8 20. Re1 Rfe8 21. Rg5 g6 22. h4 Qa7 23. Kh1 Qb8 24. Rf1 Qa8 25. e5 Nd5 26. h5 Ne3 27. Rf2 Be4 28. Rg3 Bxd3 29. Qxd3 Nf5 30. Rh3 Qb7 31. Kh2 Qb5 32. Rd2 Qxd3 33. Rhxd3 Rd7 34. g4 Nh6 35. Kg3 gxh5 36. gxh5 Nf5+ 37. Kf3 Red8 38. Ke4 Rc8 39. Ba3 Rcd8 40. Bc5 Rc8 41. b4 a5 42. a3 axb4 43. axb4 h6 44. Ra2 Kh7 45. Rg2 Rcd8 46. b5 Ne3 47. Rgd2 Nf1 48. Rd1 Ne3 49. Rb1 Nd5 50. Bxd4 Nc3+ 51. Rxc3 Rxd4+ 52. Ke3 Rd1 53. Rxd1 Rxd1 54. Rb3 Re1+ 55. Kd4 Rf1 56. Ke3 Re1+ 57. Kf2 Re4 58. b6 Rxf4+ 59. Ke3 Rf5 60. b7 Rxe5+ 61. Kd2 Rd5+ 62. Kc2 Rd8 63. b8=Q Rxb8 64. Rxb8 Kg7 65. Kd3 Kf6 66. Rb5 1-0

[Event "FIDE World Blitz-ch Women 2018"]
[Site "St. Petersburg"]
[Date "2018.12.29"]
[Round "1.4"]
[White "Vasilevich, Irina"]
[Black "Ju, Wenjun"]
[Result "0-1"]
[WhiteElo "2258"]
[BlackElo "2575"]
[Annotator "ChessBase"]
[PlyCount "78"]
[EventDate "2018.12.19"]
[EventType "swiss"]
[EventCountry "RUS"]
[SourceTitle "playchess.com"]
[Source "ChessBase"]
[SourceQuality "1"]

1. c4 e5 2. Nc3 Bb4 3. Nd5 a5 4. a3 Bc5 5. e3 c6 6. Nc3 d6 7. Nge2 Nf6 8. g3 O-O 9. Bg2 Ba7 10. b4 d5 11. cxd5 cxd5 12. Bb2 Nc6 13. b5 Ne7 14. Na4 Ng6 15. O-O h5 16. f4 e4 17. f5 Nh8 18. Rb1 Ng4 19. Nf4 d4 20. b6 Bb8 21. Bxd4 Bxf4 22. Rxf4 Qg5 23. h3 Nh6 24. g4 hxg4 25. hxg4 g6 26. fxg6 Nxg6 27. Bf6 Qd5 28. Bxe4 Qe6 29. Bxg6 fxg6 30. Qb3 Qxb3 31. Rxb3 Nxg4 32. Bg5 Ne5 33. Kg2 Be6 34. Rb5 Nd3 35. Rxf8+ Rxf8 36. Nc5 Rf5 37. Bf4 Rxc5 38. Rb1 Rc2 39. e4 Nxf4+ 0-1

[Event "FIDE World Blitz-ch Women 2018"]
[Site "St. Petersburg"]
[Date "2018.12.29"]
[Round "1.5"]
[White "Zhao, Xue"]
[Black "Lysenko, Margarita"]
[Result "1-0"]
[WhiteElo "2485"]
[BlackElo "2190"]
[Annotator "TA"]
[PlyCount "89"]
[EventDate "2018.12.19"]
[EventType "swiss"]
[EventCountry "RUS"]
[SourceTitle "playchess.com"]
[Source "ChessBase"]
[SourceQuality "1"]

1. d4 Nf6 2. Nf3 g6 3. Bf4 Bg7 4. c3 O-O 5. Nbd2 d5 6. e3 c6 7. h3 b6 8. Bd3 Bb7 9. O-O Nbd7 10. a4 Re8 11. a5 c5 12. Bb5 a6 13. Bxd7 Nxd7 14. axb6 Qxb6 15. Qb3 Qc6 16. Qa3 cxd4 17. exd4 Nb6 18. Ne5 Qc8 19. Qb4 Nd7 20. Nxd7 Qxd7 21. Nb3 Bc6 22. Nc5 Qc8 23. Ra5 Bb5 24. Rfa1 Qf5 25. Qxb5 axb5 26. Rxa8 Qxf4 27. Rxe8+ Bf8 28. g3 Qd2 29. Raa8 Qxb2 30. Rxf8+ Kg7 31. Rg8+ Kh6 32. Rgb8 Qxc3 33. Rxb5 Qxd4 34. Rab8 e6 35. Nb3 Qc3 36. Rb4 Qd3 37. Rd4 Qb1+ 38. Kg2 Qf5 39. Rf4 Qe5 40. Rb7 Kg7 41. Rfxf7+ Kg8 42. Rf3 Qe4 43. Nc5 Qe5 44. Nd7 Qd6 45. Nf6+ 1-0

[Event "FIDE World Blitz-ch Women 2018"]
[Site "St. Petersburg"]
[Date "2018.12.29"]
[Round "1.6"]
[White "Sviridova, Vlada"]
[Black "Koneru, Humpy"]
[Result "0-1"]
[WhiteElo "2144"]
[BlackElo "2541"]
[Annotator "TA"]
[PlyCount "80"]
[EventDate "2018.12.19"]
[EventType "swiss"]
[EventCountry "RUS"]
[SourceTitle "playchess.com"]
[Source "ChessBase"]
[SourceQuality "1"]

1. d4 Nf6 2. c4 e6 3. Nf3 b6 4. g3 Bb4+ 5. Bd2 Bxd2+ 6. Qxd2 Ba6 7. b3 O-O 8. Bg2 d5 9. cxd5 Ne4 10. Qc2 exd5 11. O-O Re8 12. Re1 c5 13. e3 Nc6 14. a3 Qf6 15. Nc3 Nxc3 16. Qxc3 Rac8 17. Qd2 Na5 18. Rab1 c4 19. bxc4 Nxc4 20. Qb4 Bb7 21. Rbc1 a5 22. Qb3 Qd6 23. a4 Rc7 24. Rc3 Rec8 25. Rec1 Qb4 26. Qxb4 axb4 27. Rb3 Na5 28. Rxc7 Rxc7 29. Rb1 b3 30. Bf1 Rc3 31. Nd2 Bc6 32. Bb5 Bb7 33. Kf1 Bc8 34. Ke2 Bf5 35. Re1 b2 36. e4 dxe4 37. Nb1 Rc1 38. Na3 Nb3 39. d5 Nd4+ 40. Kf1 Bh3+ 0-1

[Event "FIDE World Blitz-ch Women 2018"]
[Site "St. Petersburg"]
[Date "2018.12.29"]
[Round "1.7"]
[White "Stefanova, Antoaneta"]
[Black "Tomilova, Elena"]
[Result "1-0"]
[WhiteElo "2486"]
[BlackElo "2338"]
[Annotator "ChessBase"]
[PlyCount "143"]
[EventDate "2018.12.19"]
[EventType "swiss"]
[EventCountry "RUS"]
[SourceTitle "playchess.com"]
[Source "ChessBase"]
[SourceQuality "1"]

1. Nf3 d5 2. g3 Bg4 3. Bg2 c6 4. c4 e6 5. cxd5 exd5 6. O-O Nd7 7. d3 Bc5 8. h3 Bh5 9. e4 Ne7 10. Nc3 O-O 11. exd5 Nxd5 12. Nxd5 cxd5 13. Qb3 Nb6 14. g4 Bg6 15. Bf4 Bd6 16. Bg3 Re8 17. a4 Bxg3 18. fxg3 Qd6 19. a5 Nd7 20. Kh2 Nc5 21. Qb4 Bxd3 22. Rfd1 Be4 23. Rd2 Rad8 24. Rad1 b6 25. axb6 Qxb6 26. Qxb6 axb6 27. Nh4 Bxg2 28. Nxg2 g6 29. Nf4 d4 30. Rxd4 Rxd4 31. Rxd4 Re3 32. Rb4 Nd7 33. h4 h6 34. Nd5 Re2+ 35. Kh3 Ne5 36. Rb3 h5 37. gxh5 gxh5 38. Nf6+ Kf8 39. Nxh5 Nc4 40. Rb4 Nxb2 41. Rxb6 Nd3 42. Kg4 Nf2+ 43. Kf3 Ra2 44. Rb8+ Ke7 45. Nf4 Nd1 46. Rb3 Rf2+ 47. Kg4 Rf1 48. Kg5 Nf2 49. Kf5 Nh3 50. Rb8 Nxf4 51. gxf4 Rh1 52. Rh8 Ra1 53. h5 Ra5+ 54. Kg4 Kf6 55. Rg8 Ra1 56. Kf3 Rh1 57. Rg5 Rh4 58. Kg3 Rh1 59. Rb5 Kg7 60. Kg4 Rg1+ 61. Kf5 Rh1 62. Ke4 Rg1 63. Rg5+ Rxg5 64. fxg5 Kf8 65. Kf5 Kg7 66. Ke5 Kg8 67. Kf6 Kf8 68. h6 Kg8 69. Ke7 Kh7 70. Kxf7 Kh8 71. Kf6 Kh7 72. g6+ 1-0

[Event "FIDE World Blitz-ch Women 2018"]
[Site "St. Petersburg"]
[Date "2018.12.29"]
[Round "1.8"]
[White "Tokhirjonova, Gulrukhbegim"]
[Black "Tan, Zhongyi"]
[Result "0-1"]
[WhiteElo "2444"]
[BlackElo "2508"]
[Annotator "ChessBase"]
[PlyCount "78"]
[EventDate "2018.12.19"]
[EventType "swiss"]
[EventCountry "RUS"]
[SourceTitle "playchess.com"]
[Source "ChessBase"]
[SourceQuality "1"]

1. e4 d6 2. d4 Nf6 3. Nc3 g6 4. Nf3 a6 5. Be3 Bg7 6. Qd2 b5 7. Bd3 Bb7 8. a3 Nbd7 9. O-O O-O 10. Bh6 e5 11. d5 Nc5 12. Bxg7 Kxg7 13. b4 Nxd3 14. cxd3 c6 15. dxc6 Bxc6 16. Rfe1 Rc8 17. d4 Re8 18. Rad1 Qb6 19. dxe5 dxe5 20. Nd5 Bxd5 21. exd5 e4 22. Ng5 h6 23. Nh3 Rcd8 24. Qb2 Kg8 25. Nf4 Qd6 26. g3 Qe5 27. Qd2 g5 28. Ng2 Rxd5 29. Qc2 Red8 30. Rxd5 Qxd5 31. Ne3 Qd2 32. Rc1 Qxc2 33. Rxc2 Rd6 34. Nf5 Rd1+ 35. Kg2 Ng4 36. h3 Ne5 37. Nxh6+ Kh7 38. Ng4 Nf3 39. h4 Ne1+ 0-1

[Event "FIDE World Blitz-ch Women 2018"]
[Site "St. Petersburg"]
[Date "2018.12.29"]
[Round "1.9"]
[White "Harika, Dronavalli"]
[Black "Nomin-Erdene, Davaademberel"]
[Result "1-0"]
[WhiteElo "2494"]
[BlackElo "2376"]
[Annotator "ChessBase"]
[PlyCount "79"]
[EventDate "2018.12.19"]
[EventType "swiss"]
[EventCountry "RUS"]
[SourceTitle "playchess.com"]
[Source "ChessBase"]
[SourceQuality "1"]

1. d3 d5 2. g3 Nf6 3. Bg2 c6 4. Nd2 g6 5. Ngf3 Bg7 6. O-O Nbd7 7. e4 dxe4 8. dxe4 Nb6 9. Qe2 O-O 10. Rd1 Qc7 11. Nf1 e5 12. a4 Be6 13. b3 h6 14. Bb2 Nh7 15. a5 Nc8 16. Ne3 Ne7 17. Nc4 f6 18. Ba3 c5 19. Qe1 b6 20. Ne3 Rfd8 21. Nh4 Nf8 22. Nd5 Bxd5 23. exd5 Rd6 24. c4 f5 25. Bb2 Nd7 26. Nf3 e4 27. Bxg7 Kxg7 28. Qc3+ Kf7 29. Ne5+ Nxe5 30. Qxe5 Re8 31. axb6 Qxb6 32. Rxa7 Qxa7 33. Qxd6 Rb8 34. Qe6+ Kf8 35. d6 Ng8 36. Qxg6 Qd7 37. Bh3 Rxb3 38. Bxf5 Qd8 39. d7 Rb6 40. Qxb6 1-0

[Event "FIDE World Blitz-ch Women 2018"]
[Site "St. Petersburg"]
[Date "2018.12.29"]
[Round "1.10"]
[White "Bezgodova, Svetlana"]
[Black "Gunina, Valentina"]
[Result "1/2-1/2"]
[WhiteElo "2046"]
[BlackElo "2496"]
[Annotator "ChessBase"]
[PlyCount "127"]
[EventDate "2018.12.19"]
[EventType "swiss"]
[EventCountry "RUS"]
[SourceTitle "playchess.com"]
[Source "ChessBase"]
[SourceQuality "1"]

1. Nf3 d5 2. g3 c6 3. Bg2 Bg4 4. O-O Nd7 5. d3 e5 6. Nbd2 Ngf6 7. b3 Bd6 8. Bb2 O-O 9. e4 Re8 10. Qe1 a5 11. a4 Qc7 12. h3 Bh5 13. Nh4 Bb4 14. Nf5 Rad8 15. c3 Bf8 16. g4 Bg6 17. Qe2 Nc5 18. Ba3 dxe4 19. dxe4 Rxd2 20. Qxd2 Nxb3 21. Qb2 Nxa1 22. Bxf8 Rxf8 23. Rxa1 Rd8 24. Rb1 Rd7 25. f3 Bxf5 26. gxf5 Nh5 27. Bf1 Qd8 28. Qf2 Nf4 29. Rb2 Rd1 30. Kh2 h6 31. Bc4 b5 32. axb5 cxb5 33. Bxb5 Qg5 34. Bf1 Nh5 35. c4 Qf4+ 36. Kg2 Qc1 37. Rc2 Qg5+ 38. Kh2 a4 39. c5 a3 40. c6 Rd8 41. c7 Rc8 42. Ba6 a2 43. Qe1 a1=Q 44. Qxa1 Qg3+ 45. Kh1 Qxh3+ 46. Kg1 Qg3+ 47. Rg2 Qxf3 48. Bxc8 Nf4 49. Qf1 Nh3+ 50. Kh2 Qxf1 51. Bd7 Nf4 52. c8=Q+ Kh7 53. Qc2 Nxg2 54. Qxg2 Qf4+ 55. Kh3 Qe3+ 56. Kh2 Qf4+ 57. Kg1 Qc1+ 58. Kh2 Qf4+ 59. Kg1 Qe3+ 60. Kh1 Qe1+ 61. Kh2 Qh4+ 62. Kg1 Qe1+ 63. Kh2 Qh4+ 64. Kg1 1/2-1/2

[Event "FIDE World Blitz-ch Women 2018"]
[Site "St. Petersburg"]
[Date "2018.12.29"]
[Round "1.12"]
[White "Assaubayeva, Bibisara"]
[Black "Lei, Tingjie"]
[Result "0-1"]
[WhiteElo "2372"]
[BlackElo "2453"]
[Annotator "ChessBase"]
[PlyCount "90"]
[EventDate "2018.12.19"]
[EventType "swiss"]
[EventCountry "RUS"]
[SourceTitle "playchess.com"]
[Source "ChessBase"]
[SourceQuality "1"]

1. d4 Nf6 2. c4 e6 3. Nf3 d5 4. Nc3 Nbd7 5. Bg5 c6 6. cxd5 exd5 7. e3 Be7 8. Bd3 Ne4 9. Bxe7 Qxe7 10. Bxe4 dxe4 11. Nd2 f5 12. O-O O-O 13. f3 exf3 14. Qxf3 Nf6 15. Nc4 Be6 16. Ne5 Rad8 17. Rad1 Nd5 18. Nxd5 Bxd5 19. Qf4 c5 20. a3 Be4 21. Qf2 Rd5 22. Nd3 cxd4 23. exd4 Rfd8 24. Nf4 R5d6 25. Rfe1 Qf6 26. d5 b6 27. Qe3 Qg5 28. g3 Qf6 29. b4 h6 30. Rd2 Rc8 31. Red1 Rc3 32. Qe2 Rxa3 33. Rc1 Rc3 34. Qe1 Kh7 35. Qd1 Rd7 36. b5 Qe5 37. Rxc3 Qxc3 38. Qe2 Qc5+ 39. Qf2 Qxb5 40. d6 Qb1+ 41. Qf1 Qb4 42. Qd1 Qc5+ 43. Kf1 b5 44. Ne6 Qc4+ 45. Kf2 Qxe6 0-1

[Event "FIDE World Blitz-ch Women 2018"]
[Site "St. Petersburg"]
[Date "2018.12.29"]
[Round "1.13"]
[White "Michna, Marta"]
[Black "Badelka, Olga"]
[Result "0-1"]
[WhiteElo "2333"]
[BlackElo "2385"]
[Annotator "NA"]
[PlyCount "90"]
[EventDate "2018.12.19"]
[EventType "swiss"]
[EventCountry "RUS"]
[SourceTitle "playchess.com"]
[Source "ChessBase"]
[SourceQuality "1"]

1. d3 d5 2. c3 Nf6 3. Qc2 c5 4. e4 Nc6 5. Nf3 Bg4 6. Nbd2 e6 7. g3 Be7 8. Bg2 O-O 9. h3 Bh5 10. O-O Rc8 11. Re1 b5 12. a4 b4 13. exd5 exd5 14. Nh4 Re8 15. Ndf3 Nd7 16. Nf5 Bg6 17. Nxe7+ Rxe7 18. Rxe7 Qxe7 19. Bg5 f6 20. Bf4 c4 21. Bf1 Nde5 22. Nxe5 Nxe5 23. Bxe5 fxe5 24. Qd2 cxd3 25. Bxd3 bxc3 26. bxc3 e4 27. Bb5 Qc5 28. Rd1 Bf7 29. Qg5 Qxc3 30. Bd7 Rf8 31. Rc1 Qf6 32. Qd2 d4 33. Rc6 Qe5 34. Rc8 Rxc8 35. Bxc8 e3 36. fxe3 Qxg3+ 37. Qg2 Qxe3+ 38. Kh2 Qe5+ 39. Kg1 Bd5 40. Qf2 d3 41. Bg4 h5 42. Bd1 Qe4 43. Kh2 h4 44. Qf1 Qe5+ 45. Kg1 Qg3+ 0-1

[Event "FIDE World Blitz-ch Women 2018"]
[Site "St. Petersburg"]
[Date "2018.12.29"]
[Round "1.14"]
[White "Injac, Teodora"]
[Black "Goryachkina, Aleksandra"]
[Result "1/2-1/2"]
[WhiteElo "2325"]
[BlackElo "2518"]
[Annotator "ChessBase"]
[PlyCount "71"]
[EventDate "2018.12.19"]
[EventType "swiss"]
[EventCountry "RUS"]
[SourceTitle "playchess.com"]
[Source "ChessBase"]
[SourceQuality "1"]

1. d4 d5 2. c4 c6 3. Nf3 Nf6 4. Nbd2 Bf5 5. Nh4 Be6 6. e3 g6 7. Be2 Bg7 8. O-O O-O 9. Nhf3 Nbd7 10. b3 h6 11. Bb2 Rc8 12. Rc1 a5 13. h3 Bf5 14. Ne5 Ne4 15. Nxe4 dxe4 16. Qc2 Qc7 17. g4 Be6 18. Nxd7 Qxd7 19. Qxe4 f5 20. Qg2 f4 21. Bf3 g5 22. Rcd1 Rcd8 23. Rd2 Qc7 24. e4 c5 25. d5 Bxb2 26. Rxb2 Qe5 27. Rd2 Bc8 28. Rfd1 Rd6 29. Qf1 Kg7 30. Kg2 Rh8 31. Qe2 Bd7 32. a4 b6 33. Qd3 Be8 34. Rh1 h5 35. Rdd1 h4 36. Qc2 1/2-1/2

[Event "FIDE World Blitz-ch Women 2018"]
[Site "St. Petersburg"]
[Date "2018.12.29"]
[Round "1.15"]
[White "Ushenina, Anna"]
[Black "Gromova, Iulia"]
[Result "1-0"]
[WhiteElo "2440"]
[BlackElo "2241"]
[Annotator "NA"]
[PlyCount "69"]
[EventDate "2018.12.19"]
[EventType "swiss"]
[EventCountry "RUS"]
[SourceTitle "playchess.com"]
[Source "ChessBase"]
[SourceQuality "1"]

1. d4 Nf6 2. Nf3 g6 3. Nbd2 Bg7 4. e4 d6 5. Bb5+ c6 6. Bd3 O-O 7. O-O Nbd7 8. c3 e5 9. a4 Qc7 10. Re1 Re8 11. Nc4 b5 12. axb5 cxb5 13. Na5 Rb8 14. Qc2 Nf8 15. h3 Ne6 16. d5 Nc5 17. Nc6 Nxd3 18. Qxd3 Rb7 19. Be3 Bd7 20. Nxa7 Bf8 21. Ra2 Ra8 22. Rea1 Qc4 23. Qxc4 bxc4 24. Nd2 Rc7 25. f3 Be7 26. Bb6 Rb7 27. Nxc4 Rab8 28. Bf2 Rc7 29. Nb6 Be8 30. c4 Rcb7 31. Nc6 Rxb6 32. Nxe7+ Kf8 33. Bxb6 Rxb6 34. Nc8 Rb4 35. Nxd6 1-0

[Event "FIDE World Blitz-ch Women 2018"]
[Site "St. Petersburg"]
[Date "2018.12.29"]
[Round "1.16"]
[White "Kovanova, Baira"]
[Black "Galliamova, Alisa"]
[Result "1/2-1/2"]
[WhiteElo "2352"]
[BlackElo "2444"]
[Annotator "NA"]
[PlyCount "141"]
[EventDate "2018.12.19"]
[EventType "swiss"]
[EventCountry "RUS"]
[SourceTitle "playchess.com"]
[Source "ChessBase"]
[SourceQuality "1"]

1. Nf3 d5 2. g3 Nf6 3. Bg2 e6 4. d3 Be7 5. O-O b5 6. Nbd2 Bb7 7. Qe1 d4 8. a4 a6 9. axb5 axb5 10. Rxa8 Bxa8 11. Nb3 c5 12. c3 dxc3 13. Qxc3 Nbd7 14. e4 O-O 15. Bf4 c4 16. dxc4 Nxe4 17. Qc2 bxc4 18. Qxc4 Bd5 19. Qc2 Qa8 20. Ra1 Bxb3 21. Rxa8 Bxc2 22. Ra7 Rd8 23. Nd4 Bc5 24. Rc7 Bxd4 25. Rxc2 Nef6 26. b4 e5 27. Bg5 h6 28. Bd2 Nb6 29. b5 e4 30. Ba5 Ra8 31. Bb4 Ra1+ 32. Bf1 Nbd5 33. Bc5 Bxc5 34. Rxc5 Rb1 35. Kg2 e3 36. Bc4 Rd1 37. Bxd5 Nxd5 38. fxe3 Nxe3+ 39. Kf3 Nd5 40. Rc8+ Kh7 41. Rd8 Rd2 42. b6 Rb2 43. Rxd5 Rxb6 44. h4 g6 45. Rd3 h5 46. Ra3 Rb4 47. Rc3 f6 48. Ra3 Kh6 49. Rc3 g5 50. hxg5+ Kxg5 51. Ra3 f5 52. Rc3 Ra4 53. Rb3 Ra1 54. Kg2 Kg4 55. Rb4+ Kg5 56. Rb3 Rc1 57. Kf3 Rf1+ 58. Kg2 Re1 59. Kf2 Re4 60. Kf3 Rd4 61. Ra3 h4 62. gxh4+ Rxh4 63. Kg2 f4 64. Rb3 Kg4 65. Ra3 Rh6 66. Rb3 Rd6 67. Ra3 Rd2+ 68. Kf1 f3 69. Ra8 Rd4 70. Kf2 Rd2+ 71. Kf1 1/2-1/2

[Event "FIDE World Blitz-ch Women 2018"]
[Site "St. Petersburg"]
[Date "2018.12.29"]
[Round "1.17"]
[White "Buksa, Nataliya"]
[Black "Chernyak, Viktoria"]
[Result "1-0"]
[WhiteElo "2410"]
[BlackElo "2186"]
[Annotator "NA"]
[PlyCount "152"]
[EventDate "2018.12.19"]
[EventType "swiss"]
[EventCountry "RUS"]
[SourceTitle "playchess.com"]
[Source "ChessBase"]
[SourceQuality "1"]

1. d4 Nf6 2. Nc3 d5 3. Bf4 e6 4. e3 b6 5. Nf3 Ba6 6. Nb5 Bd6 7. Nxd6+ cxd6 8. Bd3 Bxd3 9. Qxd3 O-O 10. O-O Nc6 11. Qa3 Ne8 12. Rac1 h6 13. c4 dxc4 14. Rxc4 Ne7 15. Rfc1 Nd5 16. Bg3 Qd7 17. h3 f5 18. Qa6 f4 19. exf4 Nxf4 20. Bxf4 Rxf4 21. Rc8 Rxc8 22. Qxc8 Qf7 23. Re1 Rf6 24. d5 e5 25. Nxe5 dxe5 26. Rxe5 Kf8 27. Qd8 Rf5 28. Re3 Rxd5 29. Rxe8+ Qxe8 30. Qxd5 Qe1+ 31. Kh2 Qxf2 32. Qa8+ Kf7 33. Qxa7+ Kg6 34. Qa3 Kh7 35. Qd3+ Kh8 36. Qc3 Kh7 37. a3 Qf4+ 38. Qg3 Qd4 39. b3 Qb2 40. Qd3+ Kh8 41. Qd8+ Kh7 42. Qxb6 Qe5+ 43. g3 Qb2+ 44. Kg1 Qxa3 45. Qe3 Qa1+ 46. Kf2 Qb2+ 47. Kf3 Qf6+ 48. Ke2 Qb2+ 49. Kd1 Qb1+ 50. Ke2 Qb2+ 51. Kf3 Qf6+ 52. Ke4 Qe6+ 53. Kd4 Qxh3 54. Qd3+ Kh8 55. b4 Qd7+ 56. Kc4 Qc6+ 57. Kb3 Qe6+ 58. Ka3 h5 59. b5 Qe7+ 60. Ka4 h4 61. gxh4 Qxh4+ 62. Ka5 Qe1+ 63. Ka6 Qa1+ 64. Kb7 Qh1+ 65. Kb6 Qh6+ 66. Ka7 Qe6 67. b6 Qa2+ 68. Kb8 Qg8+ 69. Kc7 Qf7+ 70. Qd7 Qf4+ 71. Qd6 Qc4+ 72. Kb8 Qg8+ 73. Kb7 Qc4 74. Qc6 Qf7+ 75. Kb8 Qf4+ 76. Qc7 Qb4 1-0

[Event "FIDE World Blitz-ch Women 2018"]
[Site "St. Petersburg"]
[Date "2018.12.29"]
[Round "1.18"]
[White "Solozhenkina, Elizaveta"]
[Black "Skripchenko, Almira"]
[Result "1-0"]
[WhiteElo "2258"]
[BlackElo "2408"]
[Annotator "NA"]
[PlyCount "97"]
[EventDate "2018.12.19"]
[EventType "swiss"]
[EventCountry "RUS"]
[SourceTitle "playchess.com"]
[Source "ChessBase"]
[SourceQuality "1"]

1. Nf3 c5 2. e4 Nc6 3. Bb5 e6 4. O-O Nge7 5. d4 cxd4 6. Nxd4 Nxd4 7. Qxd4 Nc6 8. Qc3 a6 9. Bxc6 bxc6 10. e5 c5 11. Nd2 Bb7 12. Nc4 Qc7 13. Bg5 h6 14. Bh4 Qc6 15. f3 Qc7 16. Rad1 Bd5 17. Nd6+ Bxd6 18. exd6 Qxd6 19. Qxg7 Qf8 20. Qf6 Bc6 21. c4 Rg8 22. Bg3 Rg6 23. Qh4 Qg8 24. Rd2 f6 25. Qh5 Kf7 26. Qxc5 Rg5 27. Qd6 h5 28. Bh4 Rf5 29. Qd3 a5 30. b3 Qg6 31. Qe3 Rg8 32. Bg3 Rg5 33. Rff2 Rf5 34. a3 Qh7 35. Bd6 h4 36. h3 Qh5 37. Rd3 Qg6 38. b4 Rg5 39. Rdd2 axb4 40. axb4 Ke8 41. b5 Bb7 42. Qa7 Qb1+ 43. Kh2 Qb3 44. Qxb7 Qxc4 45. Qe4 Qxb5 46. Bf4 Rf5 47. Rfe2 Qb3 48. Qxf5 Rxg2+ 49. Kxg2 1-0

[Event "FIDE World Blitz-ch Women 2018"]
[Site "St. Petersburg"]
[Date "2018.12.29"]
[Round "1.19"]
[White "Muzychuk, Mariya"]
[Black "Gritsayeva, Oksana"]
[Result "1-0"]
[WhiteElo "2540"]
[BlackElo "2378"]
[Annotator "ChessBase"]
[PlyCount "42"]
[EventDate "2018.12.19"]
[EventType "swiss"]
[EventCountry "RUS"]
[SourceTitle "playchess.com"]
[Source "ChessBase"]
[SourceQuality "1"]

1. e4 d6 2. d4 Nf6 3. Nc3 e5 4. Nf3 exd4 5. Nxd4 Be7 6. Bf4 O-O 7. Qd2 d5 8. exd5 Nxd5 9. Nxd5 Qxd5 10. Be2 Bf6 11. c3 Re8 12. O-O c5 13. Bf3 Qd7 14. Nb3 Qxd2 15. Nxd2 Nc6 16. Ne4 Be7 17. Nd6 Bxd6 18. Bxd6 Be6 19. Bxc5 a6 20. a3 Rac8 21. Rfe1 b5 1-0

[Event "FIDE World Blitz-ch Women 2018"]
[Site "St. Petersburg"]
[Date "2018.12.29"]
[Round "1.20"]
[White "Romanovskaya, Anna"]
[Black "Danielian, Elina"]
[Result "1/2-1/2"]
[WhiteElo "2210"]
[BlackElo "2427"]
[Annotator "NA"]
[PlyCount "81"]
[EventDate "2018.12.19"]
[EventType "swiss"]
[EventCountry "RUS"]
[SourceTitle "playchess.com"]
[Source "ChessBase"]
[SourceQuality "1"]

1. e4 d6 2. f4 c5 3. Nf3 Nc6 4. Bb5 Bg4 5. Bxc6+ bxc6 6. h3 Bxf3 7. Qxf3 g6 8. O-O Bg7 9. d3 Rb8 10. c3 Nf6 11. Nd2 O-O 12. Qf2 a5 13. Nf3 a4 14. a3 Qb6 15. g4 c4 16. g5 Nd7 17. d4 e6 18. f5 exf5 19. exf5 Rfe8 20. Nh4 Kh8 21. Rb1 Qb5 22. fxg6 fxg6 23. Qg3 Qd5 24. Bf4 Re2 25. Rf2 Rxf2 26. Qxf2 Rf8 27. Qg3 Qe4 28. Rf1 d5 29. Ng2 Re8 30. Rf2 Nf8 31. Bd6 Ne6 32. Rf7 Qb1+ 33. Kh2 Qxb2 34. Be5 Qc2 35. Bxg7+ Nxg7 36. Qc7 Rg8 37. Qe7 Qxc3 38. Rxg7 Rxg7 39. Qf8+ Rg8 40. Qf6+ Rg7 41. Qf8+ 1/2-1/2

[Event "FIDE World Blitz-ch Women 2018"]
[Site "St. Petersburg"]
[Date "2018.12.29"]
[Round "1.21"]
[White "Ambartsumova, Karina"]
[Black "Nebolsina, Vera"]
[Result "1-0"]
[WhiteElo "2383"]
[BlackElo "2242"]
[Annotator "NA"]
[PlyCount "60"]
[EventDate "2018.12.19"]
[EventType "swiss"]
[EventCountry "RUS"]
[SourceTitle "playchess.com"]
[Source "ChessBase"]
[SourceQuality "1"]

1. c4 e5 2. Nc3 Nc6 3. Nf3 Nf6 4. a3 g6 5. d3 Bg7 6. g3 d6 7. Bg2 h6 8. b4 e4 9. dxe4 Nxe4 10. Nxe4 Bxa1 11. Bxh6 Rxh6 12. Qxa1 Kf8 13. b5 Bf5 14. Nf6 Na5 15. Nd2 g5 16. Nd5 c6 17. Ne3 Be6 18. Qd4 Kg8 19. O-O Qf6 20. Qxd6 Rd8 21. Qb4 c5 22. Qxa5 b6 23. Qxa7 Rxd2 24. Qxb6 Qe5 25. Nd5 Kg7 26. Qxc5 Bxd5 27. cxd5 Rxe2 28. a4 Ra2 29. Qc4 Rb2 30. a5 Rc2 1-0

[Event "FIDE World Blitz-ch Women 2018"]
[Site "St. Petersburg"]
[Date "2018.12.29"]
[Round "1.22"]
[White "Komiagina, Maria"]
[Black "Cramling, Pia"]
[Result "0-1"]
[WhiteElo "2234"]
[BlackElo "2465"]
[Annotator "TA"]
[PlyCount "56"]
[EventDate "2018.12.19"]
[EventType "swiss"]
[EventCountry "RUS"]
[SourceTitle "playchess.com"]
[Source "ChessBase"]
[SourceQuality "1"]

1. e4 c5 2. Nf3 a6 3. Nc3 e6 4. d4 cxd4 5. Nxd4 b5 6. Bd3 Qb6 7. Nb3 Qc7 8. O-O Bb7 9. f4 b4 10. Ne2 Nf6 11. Ng3 h5 12. e5 Ng4 13. Kh1 Nc6 14. Ne4 Qb6 15. Qe1 Be7 16. h3 a5 17. Bd2 a4 18. Nc1 Nd4 19. Ne2 Nf5 20. Ng1 Bh4 21. Qd1 Bxe4 22. hxg4 Ng3+ 23. Kh2 Bxd3 24. Re1 Ba6 25. Nf3 hxg4 26. Nxh4 Qf2 27. Qxg4 Bb7 28. Be3 Qxg2# 0-1